| 000 | 00902nam a22002417a 4500 | ||
|---|---|---|---|
| 001 | 48163 | ||
| 003 | BD-RjUL | ||
| 005 | 20211209054454.0 | ||
| 008 | 160813s1952 ii ||||| |||| 00| 0 ben d | ||
| 020 | _c: IRs 3.00 | ||
| 035 | _a(BD-RjUL)48282 | ||
| 040 |
_aBD-RjUL _bben _cBD-RjUL |
||
| 041 | _aben | ||
| 082 |
_223 _a891.442 _bMUB 1952 |
||
| 100 |
_aমুখোপাধ্যায়, বলাইচাঁদ (বনফুল) _9145910 |
||
| 245 | 1 | 0 |
_aবিদ্যাসাগর / _cবলাইচাঁদ মুখোপাধ্যায়, (বনফুল) |
| 250 | _a৩য় সং | ||
| 260 |
_aকলিকাতা : _bডি.এম. লাইব্রেরী, _c১৯৫২ [১৩৫৯] |
||
| 300 |
_a১৭২ পৃ. ; _c১৭ সেমি. |
||
| 650 |
_aবাংলা নাটক _9145916 |
||
| 650 |
_aBengali Drama _9145917 |
||
| 942 |
_2ddc _cBK |
||
| 999 |
_c48163 _d48163 |
||